Metabolismo del hierro (Record no. 43500)

MARC details
000 -LEADER
campo de control de longitud fija 00506nam a2200157 i 4500
001 - NÚMERO DE CONTROL
campo de control 43500
003 - IDENTIFICADOR DE NÚMERO DE CONTROL
campo de control ES-MaACL
005 - FECHA Y HORA DE LA ÚLTIMA TRANSACCIÓN
campo de control 20230906160819.0
007 - CAMPO FIJO DE DESCRIPCIÓN FÍSICA--INFORMACIÓN GENERAL
campo de control de longitud fija t|
008 - DATOS DE LONGITUD FIJA--INFORMACIÓN GENERAL
campo de control de longitud fija 030318s1971 sp ||||1| spa d
100 1# - ENTRADA PRINCIPAL--NOMBRE DE PERSONA
Nombre de persona Castro del Pozo, Sisinio de.
9 (RLIN) 36918
245 10 - MENCIÓN DEL TÍTULO
Título Metabolismo del hierro
Resto del título : fisiopatología, semiología, clínica y tratamiento /
Mención de responsabilidad, etc. Sisinio de Castro del Pozo.
260 ## - PUBLICACIÓN, DISTRIBUCIÓN, ETC.
Lugar de publicación, distribución, etc. Madrid :
Nombre del editor, distribuidor, etc. Paz Montalvo,
Fecha de publicación, distribución, etc. 1971.
300 ## - DESCRIPCIÓN FÍSICA
Extensión 221 p. :
Otras características físicas il. ;
Dimensiones 21 cm.
852 ## - LOCALIZACIÓN
Ubicación ES-MaACL
Número de control de estantería C-41931
Sublocalización o colección R.75934
Holdings
Estatus retirado Estado de pérdida Estado de daño No para préstamo Biblioteca de origen Biblioteca actual Ubicación en estantería Fecha de adquisición Fuente de adquisición Total de préstamos Signatura topográfica completa Código de barras Visto por última vez Precio de reemplazo Tipo de ítem Koha
        Biblioteca del Ateneo de Madrid Biblioteca del Ateneo de Madrid Depósito 2 17/01/2008     C-41931 1045795 23/02/2023 23/02/2023 Libro impreso